000 01112nam a22002897a 4500
001 BR8601060
003 BR-BrBNA
005 20230928092239.0
007 ta
008 230509b bl.||||| |||| 00| 0 por d
040 _aBR-BrBNA
_bpor
_cBiblioteca Nacional de Agricultura
041 _a(Por)
072 _aE16; P36
_b/G514
090 _ E16 BR8601060
100 1 _aNadal, R. de
110 1 _aUniversidade Federal do Rio Grande do Sul, Porto Alegre (Brasil). Faculdade de Ciencias Economicas
_0Tese (Pos-Graduacao)
_911167
245 1 _aAnalise economica da recuperacao e da conservacao das condicoes fisicas e quimicas do solo Santo Angelo em lavoura mecanizada
246 1 _a[Economic analysis of recuperation and conservation of the physical and chemical conditions of Santo Angelo soil in a Mechanized farming]
260 3 _aPorto Alegre, RS (Brasil):
_c1983.
300 _a149 p.
500 _a31 tables; 43 ref.; Summaries (Eng, Por)
650 _aCONSERVACAO DO SOLO
650 _aRECUPERACAO DO SOLO
650 _aRIO GRANDE DO SUL
909 _a202309
_bLucia
_c55
_dLucia Elande
942 _cBK
999 _c37893
_d37893